Statistics for Great Lakes Cities Map Quiz

Click here to take the quiz!

General Stats

  • This quiz has been taken 93 times
  • The average score is 15 of 22

Answers on the Map

Answers color-coded by a green-red scale on the quiz's map according to % correct below.
 

Answer Stats

Answer% Correct
Chicago
93%
Thunder Bay
89%
Detroit
88%
Milwaukee
84%
Windsor
84%
Buffalo
80%
Cleveland
79%
Sault Ste. Marie
79%
St. Catharines / Niagara Falls
77%
Erie
70%
Toronto
70%
Duluth
68%
Green Bay
64%
Hamilton
63%
Rochester
63%
Toledo
59%
Kingston
52%
Muskegon
50%
Sarnia
46%
Kenosha
41%
Holland
38%
Oshawa
38%

Score Distribution

Percentile by Number Answered

Percent of People with Each Score

Your Score History

You have not taken this quiz